00674cam a22001937a 4500008004000000020001800040082001500058100001900073245006100092260002400153300001000177440003500187650001900222650003100241650002000272650008300292999001900375952008600394180718b2017 xxu||||| |||| 00| 0 eng d a9789351282662 aA99 Am16/7 aAmbedkar, B.R. aHistory of Indian currency and bankingcby B.R. Ambedkar aDelhibKalpazc2017 a285p. aTreasure of Ambedkar series 07 aCaste -- India aIndia -- Social conditions aDalits -- India aAmbedkar, B. R. -- (Bhimrao Ramji), -- 1891-1956 -- Political and social views c445463d445463 00104070aIIPAbIIPAd2017-01-16oA99 Am16/7p86805r2018-07-21w2018-07-21yBK